[Event "Aeskulap op 13th"]
[Site "Goerlitz"]
[Date "1996.04.05"]
[Round "4"]
[White "Schwaneberg, Marco"]
[Black "Bielicki, Birke"]
[Result "0-1"]
[WhiteElo "1723"]
[BlackElo "2012"]
[PlyCount "96"]
[EventDate "1996.04.03"]
[EventType "swiss"]
[EventRounds "7"]
[EventCountry "GER"]
[SourceTitle "EXT 2009"]
[Source "ChessBase"]
[SourceDate "2008.11.26"]
[SourceVersion "1"]
[SourceVersionDate "2008.11.26"]
[SourceQuality "1"]

1. e4 c5 2. Nf3 Nc6 3. d4 cxd4 4. Nxd4 Nf6 5. Nc3 e5 6. Nb3 d6 7. Be2 Be7 8. 0-0 0-0 9. a3 Be6 10. Be3 Rc8 11. Rc1 a5 12. f4 a4 13. Nd2 exf4 14. Rxf4 Qa5 15. Nc4 Bxc4 16. Bxc4 Ne5 17. Be2 Rfd8 18. Nd5 Nxd5 19. Qxd5 Qxd5 20. exd5 Bg5 21. Re4 Bxe3+ 22. Rxe3 Rc5 23. Re4 b5 24. Rd4 Re8 25. Rb4 Rb8 26. c4 Rbc8 27. Rc3 bxc4 28. Rxa4 g6 29. Rb4 Kg7 30. b3 cxb3 31. Rcxb3 Rxd5 32. Kf2 Rc2 33. Ke3 Nc6 34. Re4 Rdd2 35. Bd3 Ra2 36. Bf1 d5 37. Rf4 f5 38. Rb7+ Kf8 39. Ra4 Ne7 40. Ra8+ Kf7 41. Raa7 Kf6 42. Rb6+ Kg5 43. h4+ Kg4 44. Rb4+ d4+ 45. Rxd4+ Rxd4 46. Rxe7 Re4+ 47. Rxe4+ fxe4 48. Kxe4 Rxa3 0-1